| 000 | 00506 a2200181 4500 | ||
|---|---|---|---|
| 003 | OSt | ||
| 005 | 20230902154531.0 | ||
| 008 | 230902b |||||||| |||| 00| 0 eng d | ||
| 020 | _a9780706986341 | ||
| 040 | _coclc | ||
| 082 |
_a330.09 _bBHA/H |
||
| 100 |
_aBhatia, H L _9563 |
||
| 245 |
_aHISTORY OF ECONOMIC THOUGHT / _cH L Bhatia |
||
| 250 | _a4th ed. | ||
| 260 |
_aNew Delhi: _bVikas Publishing, _c2023. |
||
| 300 | _a506 p | ||
| 942 |
_2ddc _cBK _h330.09 _iBHA/H _k330.09 _mBHA/H |
||
| 999 |
_c42086 _d42086 |
||